Vybrané kapitoly ze sportovního tréninku

Saved in:
Bibliographic Details
Main Author Hrubý, Michal (Author)
Format Book
LanguageCzech
Published Brno : Masarykova univerzita, 2026
EditionVydání 1.
Subjects
ISBN978-80-280-0730-0
Physical Description146 stran : ilustrace ; 25 cm

Cover

LEADER 00000nam a2200000 i 4500
001 115869
003 CZ ZlUTB
005 20260630095927.0
007 ta
008 260519s2026 xr a e p 000 0 cze d
015 |a cnb003756959 
020 |a 978-80-280-0730-0  |q (brožováno) 
040 |a KLG001  |b cze  |d BOA001  |e rda 
072 7 |a 796  |x Sport. Hry. Tělesná cvičení  |2 Konspekt  |9 20 
072 7 |a 37.016  |x Učební osnovy. Vyučovací předměty. Učebnice  |2 Konspekt  |9 22 
080 |a 796.015  |2 MRF 
080 |a (075.8)  |2 MRF 
100 1 |a Hrubý, Michal  |7 xx0301873  |4 aut 
245 1 0 |a Vybrané kapitoly ze sportovního tréninku /  |c Michal Hrubý 
250 |a Vydání 1. 
264 1 |a Brno :  |b Masarykova univerzita,  |c 2026 
300 |a 146 stran :  |b ilustrace ;  |c 25 cm 
336 |a text  |b txt  |2 rdacontent 
337 |a bez média  |b n  |2 rdamedia 
338 |a svazek  |b nc  |2 rdacarrier 
504 |a Obsahuje bibliografii 
650 0 7 |a sportovní trénink  |7 ph125957  |2 czenas 
650 0 9 |a sports training  |2 eczenas 
655 7 |a učebnice vysokých škol  |7 fd133772  |2 czenas 
655 9 |a textbooks (higher)  |2 eczenas 
710 2 |a Masarykova univerzita  |7 kn20010709056  |4 pbl 
910 |a ZLD002 
942 |2 udc 
952 |0 0  |1 0  |4 0  |6 79HRUBÝM  |7 -1  |8 BOOK  |9 191731  |a UTBZL  |b UTBZL  |c 005  |d 2026-06-30  |l 0  |o 79/HRUBÝ,M.  |p 420010202356  |r 2026-06-30 10:00:24  |v 290.00  |w 2026-06-30  |x N:nákup  |y 01 
952 |0 0  |1 0  |4 0  |6 79HRUBÝM  |7 -1  |8 BOOK  |9 191732  |a UTBZL  |b UTBZL  |c 006  |d 2026-06-30  |l 0  |o 79/HRUBÝ,M.  |p 420010202357  |r 2026-06-30 10:00:52  |v 290.00  |w 2026-06-30  |x N:nákup  |y 04 
992 |a BK  |b SKNEW 
999 |c 115869  |d 115869